Thomas Jefferson Trivia - Statistics

General Stats
  • This quiz has been taken 40 times
  • The average score is 8 of 10
Answer Stats
Hint Questions Answer % Correct
6 Who served president before Jefferson? John Adams
94%
8 Thomas Jefferson was forced to take out a sentencethat would free all ____ Slaves
88%
2 What current state was Thomas Jefferson born in? Virginia
88%
4 Thomas Jefferson wrote this important document Declaration of Independence
85%
5 Who served president after Jefferson? James Madison
85%
7 Thomas Jefferson died on this special day July 4th/Independence Day
82%
10 Jefferson ordered these two people to explore theland they got from Napolean. Name one Lewis/Clark
82%
9 Thomas Jefferson bought this from Napolean Louisiana
82%
3 What political party was Thomas Jefferson part of? Democratic-Republican
76%
1 Name one of Thomas Jefferson's vice president Aaron Burr/George Clinton
62%
No matching quizzes found
Score Distribution
Percent of People with Each Score
Percentile by Number Answered
Your Score History
You have not taken this quiz